| 000 | 00633cam a2200193 a 4500 | ||
|---|---|---|---|
| 020 | _a1570732175 | ||
| 040 | _cMoSU-L | ||
| 082 | 0 | 0 | _a343 SEC 1995 A076 Or. |
| 245 | 0 | 0 | _aABA state and local taxation of banks and other financial institutions / |
| 246 | 1 | 4 | _aState and local taxation of banks and other financial institutions |
| 250 | _a1995-96 ed. | ||
| 260 |
_aWashington, DC : _bThe Section, _cc1995. |
||
| 300 |
_a1 v. (various pagings) ; _c28 cm. + _e3 computer disks. |
||
| 650 | 0 | _aBanks and banking | |
| 650 | 0 | _aFinancial institutions | |
| 700 | 1 | _aHayes, Richard | |
| 710 | 2 | _aAmerican Bar Association. | |
| 942 | _cEK | ||
| 999 |
_c15373 _d15373 |
||